<?xml version="1.0" encoding="UTF-8"?>
<record
    xmlns:xsi="http://www.w3.org/2001/XMLSchema-instance"
    xsi:schemaLocation="http://www.loc.gov/MARC21/slim http://www.loc.gov/standards/marcxml/schema/MARC21slim.xsd"
    xmlns="http://www.loc.gov/MARC21/slim">

  <leader>01625nac a22002891i 4500</leader>
  <controlfield tag="003">EG-ScBUE</controlfield>
  <controlfield tag="005">20260513092416.0</controlfield>
  <controlfield tag="008">101128s1977    ua a   fr     000 0 ara d</controlfield>
  <datafield tag="017" ind1=" " ind2=" ">
    <subfield code="a">1977 / 2142</subfield>
  </datafield>
  <datafield tag="020" ind1=" " ind2=" ">
    <subfield code="a">9772012502</subfield>
  </datafield>
  <datafield tag="040" ind1=" " ind2=" ">
    <subfield code="a">EG-ScBUE</subfield>
    <subfield code="b">ara</subfield>
    <subfield code="e">rda</subfield>
    <subfield code="c">EG-ScBUE</subfield>
    <subfield code="d">EG-ScBUE</subfield>
  </datafield>
  <datafield tag="082" ind1="0" ind2="4">
    <subfield code="a">553.5</subfield>
    <subfield code="b">&#x62A; &#x64A; &#x641;</subfield>
    <subfield code="2">22</subfield>
  </datafield>
  <datafield tag="100" ind1="1" ind2=" ">
    <subfield code="a">&#x627;&#x644;&#x62A;&#x64A;&#x641;&#x627;&#x634;&#x64A;&#x60C; &#x623;&#x62D;&#x645;&#x62F; &#x628;&#x646; &#x64A;&#x648;&#x633;&#x641;&#x60C;</subfield>
    <subfield code="d">580-651 &#x647;&#x640;.&#x60C;</subfield>
    <subfield code="9">21348</subfield>
    <subfield code="e">&#x645;&#x624;&#x644;&#x641;.</subfield>
  </datafield>
  <datafield tag="245" ind1="1" ind2="0">
    <subfield code="a">&#x643;&#x62A;&#x627;&#x628; &#x623;&#x632;&#x647;&#x627;&#x631; &#x627;&#x644;&#x623;&#x641;&#x643;&#x627;&#x631; &#x641;&#x64A; &#x62C;&#x648;&#x627;&#x647;&#x631; &#x627;&#x644;&#x623;&#x62D;&#x62C;&#x627;&#x631; /</subfield>
    <subfield code="c">&#x644;&#x623;&#x62D;&#x645;&#x62F; &#x628;&#x646; &#x64A;&#x648;&#x633;&#x641; &#x627;&#x644;&#x62A;&#x64A;&#x641;&#x627;&#x634;&#x64A; &#x627;&#x644;&#x645;&#x62A;&#x648;&#x641;&#x649; &#x639;&#x627;&#x645; 651 &#x647;&#x640; &#x61B; &#x62D;&#x642;&#x642;&#x647; &#x648;&#x639;&#x644;&#x642; &#x639;&#x644;&#x64A;&#x647; &#x648;&#x634;&#x631;&#x62D;&#x647; &#x627;&#x644;&#x62F;&#x643;&#x62A;&#x648;&#x631; &#x645;&#x62D;&#x645;&#x62F; &#x64A;&#x648;&#x633;&#x641; &#x62D;&#x633;&#x646;&#x60C; &#x623;&#x633;&#x62A;&#x627;&#x630; &#x627;&#x644;&#x62C;&#x64A;&#x648;&#x644;&#x648;&#x62C;&#x64A;&#x627;&#x60C; &#x648;&#x639;&#x645;&#x64A;&#x62F; &#x643;&#x644;&#x64A;&#x629; &#x627;&#x644;&#x639;&#x644;&#x648;&#x645;&#x60C; &#x62C;&#x627;&#x645;&#x639;&#x629; &#x627;&#x644;&#x623;&#x632;&#x647;&#x631;&#x60C; &#x627;&#x644;&#x62F;&#x643;&#x62A;&#x648;&#x631; &#x645;&#x62D;&#x645;&#x648;&#x62F; &#x628;&#x633;&#x64A;&#x648;&#x646;&#x64A; &#x62E;&#x641;&#x627;&#x62C;&#x64A;&#x60C; &#x631;&#x626;&#x64A;&#x633; &#x642;&#x633;&#x645; &#x627;&#x644;&#x62C;&#x64A;&#x648;&#x644;&#x648;&#x62C;&#x64A;&#x627;&#x60C; &#x643;&#x644;&#x64A;&#x629; &#x627;&#x644;&#x639;&#x644;&#x648;&#x645;&#x60C; &#x62C;&#x627;&#x645;&#x639;&#x629; &#x627;&#x644;&#x623;&#x632;&#x647;&#x631;.</subfield>
  </datafield>
  <datafield tag="264" ind1=" " ind2="1">
    <subfield code="a">&#x627;&#x644;&#x642;&#x627;&#x647;&#x631;&#x629; :</subfield>
    <subfield code="b">&#x627;&#x644;&#x647;&#x64A;&#x626;&#x629; &#x627;&#x644;&#x645;&#x635;&#x631;&#x64A;&#x629; &#x627;&#x644;&#x639;&#x627;&#x645;&#x629; &#x644;&#x644;&#x643;&#x62A;&#x627;&#x628;&#x60C;</subfield>
    <subfield code="c">1977.</subfield>
  </datafield>
  <datafield tag="300" ind1=" " ind2=" ">
    <subfield code="a">327 &#x635;&#x641;&#x62D;&#x629; :</subfield>
    <subfield code="b">&#x625;&#x64A;&#x636;&#x627;&#x62D;&#x64A;&#x627;&#x62A; &#x61B;</subfield>
    <subfield code="c">24 &#x633;&#x645;.</subfield>
  </datafield>
  <datafield tag="336" ind1=" " ind2=" ">
    <subfield code="2">rdacontent</subfield>
    <subfield code="a">&#x646;&#x635;</subfield>
    <subfield code="b">txt</subfield>
  </datafield>
  <datafield tag="337" ind1=" " ind2=" ">
    <subfield code="a">&#x628;&#x62F;&#x648;&#x646; &#x648;&#x633;&#x64A;&#x637;</subfield>
    <subfield code="2">rdamedia</subfield>
    <subfield code="b">n</subfield>
  </datafield>
  <datafield tag="338" ind1=" " ind2=" ">
    <subfield code="a">&#x645;&#x62C;&#x644;&#x62F;</subfield>
    <subfield code="b">nc</subfield>
    <subfield code="2">rdacarrier</subfield>
  </datafield>
  <datafield tag="490" ind1="0" ind2=" ">
    <subfield code="a">&#x645;&#x637;&#x628;&#x648;&#x639;&#x627;&#x62A; &#x645;&#x631;&#x643;&#x632; &#x62A;&#x62D;&#x642;&#x64A;&#x642; &#x627;&#x644;&#x62A;&#x631;&#x627;&#x62B;.</subfield>
    <subfield code="a">&#x633;&#x644;&#x633;&#x644;&#x629; &#x627;&#x644;&#x62C;&#x64A;&#x648;&#x644;&#x648;&#x62C;&#x64A;&#x627; &#x639;&#x646;&#x62F; &#x627;&#x644;&#x639;&#x631;&#x628; &#x61B;</subfield>
    <subfield code="v">1</subfield>
  </datafield>
  <datafield tag="500" ind1=" " ind2=" ">
    <subfield code="a">&#x64A;&#x634;&#x62A;&#x645;&#x644; &#x639;&#x644;&#x649; &#x62D;&#x648;&#x627;&#x634;&#x64A;.</subfield>
  </datafield>
  <datafield tag="650" ind1=" " ind2="7">
    <subfield code="a">&#x627;&#x644;&#x623;&#x62D;&#x62C;&#x627;&#x631;.</subfield>
    <subfield code="9">21538</subfield>
    <subfield code="2">BUEsh</subfield>
  </datafield>
  <datafield tag="655" ind1=" " ind2=" ">
    <subfield code="v">Reading book</subfield>
  </datafield>
  <datafield tag="700" ind1="1" ind2=" ">
    <subfield code="a">&#x62D;&#x633;&#x646;&#x60C; &#x645;&#x62D;&#x645;&#x62F; &#x64A;&#x648;&#x633;&#x641;&#x60C;</subfield>
    <subfield code="9">21350</subfield>
    <subfield code="e">&#x645;&#x62D;&#x642;&#x642;&#x60C;</subfield>
    <subfield code="e">&#x645;&#x639;&#x644;&#x642;&#x60C;</subfield>
    <subfield code="e">&#x634;&#x627;&#x631;&#x62D;.</subfield>
  </datafield>
  <datafield tag="700" ind1="1" ind2=" ">
    <subfield code="a">&#x62E;&#x641;&#x627;&#x62C;&#x64A;&#x60C; &#x645;&#x62D;&#x645;&#x648;&#x62F; &#x628;&#x633;&#x64A;&#x648;&#x646;&#x64A;&#x60C;</subfield>
    <subfield code="9">21349</subfield>
    <subfield code="e">&#x645;&#x62D;&#x642;&#x642;&#x60C;</subfield>
    <subfield code="e">&#x645;&#x639;&#x644;&#x642;&#x60C;</subfield>
    <subfield code="e">&#x634;&#x627;&#x631;&#x62D;.</subfield>
  </datafield>
  <datafield tag="942" ind1=" " ind2=" ">
    <subfield code="c">BB</subfield>
    <subfield code="k">553.5 &#x62A; &#x64A; &#x641;</subfield>
    <subfield code="2">ddc</subfield>
  </datafield>
  <datafield tag="999" ind1=" " ind2=" ">
    <subfield code="c">6779</subfield>
    <subfield code="d">6779</subfield>
  </datafield>
  <datafield tag="952" ind1=" " ind2=" ">
    <subfield code="0">0</subfield>
    <subfield code="1">0</subfield>
    <subfield code="2">ddc</subfield>
    <subfield code="4">0</subfield>
    <subfield code="7">0</subfield>
    <subfield code="8">Alef-Baa</subfield>
    <subfield code="a">MAIN</subfield>
    <subfield code="b">MAIN</subfield>
    <subfield code="c">1ST</subfield>
    <subfield code="d">2007-12-04</subfield>
    <subfield code="e">purchase</subfield>
    <subfield code="o">553.5 &#x62A; &#x64A; &#x641;</subfield>
    <subfield code="p">000008430</subfield>
    <subfield code="r">2025-07-15 00:00:00</subfield>
    <subfield code="y">BB</subfield>
  </datafield>
</record>
